000 00590nam a2200229Ia 4500
003 OSt
005 20220924143623.0
006 a|||||r|||| 00| 0
007 ta
008 220923b |||||||| |||| 00| 0 urd d
024 _a309261
037 _cTextual
040 _aARTS
_cARTS
_burd
041 _2urd
_aurd
082 _aO152,1I80w, 168H1
100 _aKalb Mustafa
_9216491
245 0 _aMalik Mohammad Jaisi
260 _c1941
650 _aHINDI LITERATURE
_923866
942 _hO152,1I80w, 168H1
_cTEXL
_2CC
999 _c455232
_d455232